Drug abuse /

Bibliographic Details
Corporate Author: Phi Delta Kappa. Center on Evaluation, Development, and Research
Other Authors: Reitz, Raymond J., 1956-
Format: Book
Language:English
Published: Bloomington, IN : Phi Delta Kappa, Center on Evaluation, Development, and Research, [1987]
Series:Hot topics series.
Subjects:

MARC

Tag First Indicator Second Indicator Subfields
LEADER 00000cam a2200000 a 4500
001 in00000030101
005 20151007060203.0
008 871110r19871981inua b 00000 eng d
035 |a (OCoLC)16957527 
035 |9 AAC0249AM 
040 |a CDC  |c CDC  |d NGU  |d FUG  |d TXA  |d UtOrBLW 
049 |a TXAM  |c [A11075667] 
050 4 |a HV5824.Y68  |b D771 1987 
245 0 0 |a Drug abuse /  |c [Raymond J. Reitz, editor]. 
264 1 |a Bloomington, IN :  |b Phi Delta Kappa, Center on Evaluation, Development, and Research,  |c [1987] 
300 |a 310 pages :  |b illustrations ;  |c 28 cm. 
336 |a text  |b txt  |2 rdacontent 
337 |a unmediated  |b n  |2 rdamedia 
338 |a volume  |b nc  |2 rdacarrier 
490 1 |a Hot topics series 
500 |a Cover title. 
500 |a Reprints of articles originally published 1981-1986. 
504 |a Includes bibliographies. 
650 0 |a Youth  |x Drug use. 
650 0 |a Drug abuse. 
650 0 |a Drug abuse  |x Study and teaching. 
700 1 |a Reitz, Raymond J.,  |d 1956- 
710 2 |a Phi Delta Kappa.  |b Center on Evaluation, Development, and Research. 
830 0 |a Hot topics series. 
999 |a MARS 
999 f f |s 984942f2-5ec1-356e-aaa7-3ff2cd7453e5  |i af375402-a5dc-3126-ad29-0595d24199fb  |t 0 
952 f f |p normal  |a Texas A&M University  |b College Station  |c Sterling C. Evans Library  |d Evans: Library Stacks  |t 0  |e HV5824.Y68 D771 1987  |h Library of Congress classification  |i unmediated -- volume  |m A14811075667 
998 f f |a HV5824.Y68 D771 1987  |t 0  |l Evans: Library Stacks